| 000 | 01610 a2200289 4500 | ||
|---|---|---|---|
| 003 | Nust | ||
| 005 | 20221017125212.0 | ||
| 010 | _a 2004300415 | ||
| 020 | _a0824748034 | ||
| 035 | _a(CStRLIN)PAUGV3510185-B | ||
| 035 | _a(PU)3510185 | ||
| 040 | _cNust | ||
| 082 | 0 | 0 | _a616.075422,SEM |
| 100 | 1 |
_aSemmlow, John L. _962275 |
|
| 245 | 1 | 0 |
_aBiosignal and biomedical image processing : _bMATLAB-based applications / _cJohn L. Semmlow. |
| 260 |
_aNew York : _bMarcel Dekker ; _aLondon : _bTaylor & Francis, _c2004. |
||
| 300 |
_axviii, 423 p. : _bill. ; _c24 cm. + _e1 CD-ROM (4 3/4 in.) |
||
| 490 | 1 |
_aSignal processing series ; _v22 |
|
| 505 | _aIntroduction (Page-1), Basic Concepts (Page-31), Special Analysis: Classical Methods (Page-61), Digital Filters (Page-87), Spectral Analysis: Modern Techniques (Page-125), Time-frequency Methods (Page-147), The Wavelet Transform (Page-177), Advanced Signal Processing Techniques (Page-213), Multivariate Analyses: Principal Component Analysis (Page-243), Fundamentals of Image Processing: MATLAB Image Processing Toolbox (Page-271), Image Processing Filters, Transformations, and Registration (Page-303), Image Segmentation (Page-343). | ||
| 650 | 0 |
_aDiagnostic imaging _xDigital techniques. _982763 |
|
| 650 | 0 | _aImage processing. | |
| 650 | 0 |
_aImaging systems in medicine. _9100459 |
|
| 830 | 0 |
_aSignal processing (Marcel Dekker, Inc.) ; _997954 |
|
| 856 | 4 | 2 |
_3Book review (E-STREAMS) _uhttp://www.e-streams.com/es0707/es0707_3393.html |
| 856 | 4 | 2 |
_3Publisher description _uhttp://www.loc.gov/catdir/enhancements/fy0647/2004300415-d.html |
| 942 |
_cBK _2ddc |
||
| 999 |
_c175467 _d175467 |
||